Catálogo
 En Linea

Cartagena de Indias / (Registro nro. 33358)

Detalles MARC
000 -CABECERA
campo de control de longitud fija 00740nam a2200193 a 4500
001 - NÚMERO DE CONTROL
campo de control 000033867
005 - FECHA Y HORA DE LA ÚLTIMA TRANSACCIÓN
campo de control 20200930070601.0
008 - DATOS DE LONGITUD FIJA--INFORMACIÓN GENERAL
campo de control de longitud fija 110914s1990 es abc 000 0 spa d
020 ## - NÚMERO INTERNACIONAL ESTÁNDAR DEL LIBRO
Número Internacional Estándar del Libro 8472325571
040 ## - FUENTE DE LA CATALOGACIÓN
Centro catalogador/agencia de origen DO-SdBNP
100 1# - ENTRADA PRINCIPAL--NOMBRE DE PERSONA
Nombre de persona Llamazares, Vicente
Fechas asociadas al nombre 1930-
9 (RLIN) 59293
245 10 - MENCIÓN DE TÍTULO
Título Cartagena de Indias /
Mención de responsabilidad, etc. fotografías de Vicente Llamazares ; textos de Germán Arciniegas, Carlos Villalba Bustillo.
260 ## - PUBLICACIÓN, DISTRIBUCIÓN, ETC.
Lugar de publicación, distribución, etc. España :
Nombre del editor, distribuidor, etc. Agencia Espáñola de Cooperación Internacional
-- Ediciones de Cultura Hispánica,
Fecha de publicación, distribución, etc. 1990].
300 ## - DESCRIPCIÓN FÍSICA
Extensión 317, láminas :
Otras características físicas il., ;
Dimensiones 30 cm.
490 1# - MENCIÓN DE SERIE
Mención de serie Ciudades iberoamericanas
700 1# - PUNTO DE ACCESO ADICIONAL--NOMBRE DE PERSONA
Nombre de persona Arciniegas, Germán
9 (RLIN) 43711
700 1# - PUNTO DE ACCESO ADICIONAL--NOMBRE DE PERSONA
Nombre de persona Villalba Bustillo, Carlos
9 (RLIN) 59294
830 #0 - PUNTO DE ACCESO ADICIONAL DE SERIE-TÍTULO UNIFORME
Título uniforme Ciudades iberoamericanas
9 (RLIN) 59295
Existencias
Estado de retiro Estado de pérdida Restricciones de uso No para préstamo Código de colección Localización permanente Ubicación/localización actual Ubicación en estantería Fecha de adquisición Número de inventario Total de préstamos Signatura topográfica completa Código de barras Fecha visto por última vez Precio válido a partir de Tipo de ítem Koha
      Excluido de préstamo Monografías: Libros y Folletos General General Depósito 14.09.2011 LF1   33867-140 25.06.2020 25.06.2020 No se presta
      Excluido de préstamo Monografías: Libros y Folletos General General Depósito 11.02.2014 LF1   33867-150 25.06.2020 25.06.2020 No se presta

Con tecnología Koha